| 000 | 00314cam a22000977a 4500 | ||
|---|---|---|---|
| 008 | 180718b1959 xxu||||| |||| 00| 0 eng d | ||
| 100 | _aIndia. Rajya Sabha Secretariat | ||
| 245 | _aRajya Sabha debates, Vol. XXV-(i), Nos. 1-9 (20 - 30 Apr. 1959) | ||
| 260 |
_aNew Delhi _bRajya Sabha Secretariat _c1959 |
||
| 300 | _av.p. | ||
| 999 |
_c486201 _d486201 |
||